[Event "Moscow Smyslov-D"]
[Site "Moscow"]
[Date "2025.06.07"]
[Round "6"]
[White "Lyadov, Denis Genn"]
[Black "Ilinykh, Afanasiy"]
[Result "1/2-1/2"]
[WhiteElo "1530"]
[BlackElo "1545"]
[PlyCount "37"]
[EventDate "2025.06.02"]
[EventType "swiss"]
[EventRounds "8"]
[EventCountry "RUS"]
[SourceTitle "CB29_2025"]
[SourceDate "2025.07.16"]
[SourceVersion "1"]
[SourceVersionDate "2025.07.16"]
[SourceQuality "1"]

1. e4 e6 2. d4 d5 3. Nd2 Nf6 4. e5 Nfd7 5. Bd3 c5 6. c3 Nc6 7. Ne2 a6 8. f4 f5 9. exf6 Qxf6 10. Nf3 cxd4 11. cxd4 g6 12. 0-0 Bg7 13. Ne5 0-0 14. Bd2 Ndxe5 15. fxe5 Qxf1+ 16. Qxf1 Rxf1+ 17. Rxf1 Bd7 18. a4 Rf8 19. b3 1/2-1/2

[Event "Moscow Smyslov-D"]
[Site "Moscow"]
[Date "2025.06.02"]
[Round "1"]
[White "Odiyankov, Svyatoslav"]
[Black "Lyadov, Denis Genn"]
[Result "0-1"]
[WhiteElo "1429"]
[BlackElo "1530"]
[PlyCount "60"]
[EventDate "2025.06.02"]
[EventType "swiss"]
[EventRounds "8"]
[EventCountry "RUS"]
[SourceTitle "CB29_2025"]
[SourceDate "2025.07.16"]
[SourceVersion "1"]
[SourceVersionDate "2025.07.16"]
[SourceQuality "1"]

1. e4 c5 2. c3 Nf6 3. e5 Nd5 4. d4 cxd4 5. cxd4 e6 6. Bd2 b6 7. Nc3 Nxc3 8. Bxc3 Ba6 9. Bxa6 Nxa6 10. Qg4 Nb4 11. Qe4 Rc8 12. Ne2 Nd5 13. 0-0 Be7 14. f4 f5 15. exf6 Nxf6 16. Qd3 0-0 17. f5 exf5 18. Rxf5 d5 19. Nf4 Bd6 20. Ne6 Bxh2+ 21. Kxh2 Qd6+ 22. Nf4 Ne4 23. Rxf8+ Rxf8 24. g3 Rxf4 25. gxf4 Qxf4+ 26. Kg2 Qf2+ 27. Kh3 h5 28. Bd2 g5 29. Qxe4 dxe4 30. Bxg5 Qf5+ 0-1